| 000 | 00997nam a2200253 a 4500 | ||
|---|---|---|---|
| 001 | 000042071 | ||
| 005 | 20201002035924.0 | ||
| 008 | 131112s2013 dr abc r 000 0 spa d | ||
| 020 | _a9789945890105 | ||
| 040 |
_aDO-SdBNP _bspa _cBNPHU |
||
| 082 |
_a972.9382 _bG113h, 2013 |
||
| 100 | 1 |
_aGabino Concepción, Andrés _969066 |
|
| 245 | 1 | 0 |
_aHistoria del municipio de Tenares. / _cAndrés Gabino Concepción; prólogo, Marta Celi Fernández. |
| 250 | _a2a. ed. corr y aum. | ||
| 260 |
_aTenares, República Dominicana : _bBúho, _c2013. |
||
| 300 |
_a203 p. : _bil., mapa, retrs. ; _c22 cm. |
||
| 500 | _aIncluye datos biografícos del autor en la solapa de la cubierta | ||
| 504 | _aBibliografía : p. 203 | ||
| 590 | _aInventariado, 2018/BT | ||
| 650 | 4 |
_aCiudades y pueblos _zRepública Dominicana _xHistoria _98393 |
|
| 651 | 4 |
_aTenares (República Dominicana{Rpara} _xHistoria Local _964728 |
|
| 700 | 1 | 2 |
_aCeli Fernández, Marta, _eprol. _969067 |
| 910 | _aValidado. Control de calidad. MFF | ||
| 999 |
_c41560 _d41560 |
||